<?xml version="1.0" encoding="UTF-8"?>
<record
    xmlns:xsi="http://www.w3.org/2001/XMLSchema-instance"
    xsi:schemaLocation="http://www.loc.gov/MARC21/slim http://www.loc.gov/standards/marcxml/schema/MARC21slim.xsd"
    xmlns="http://www.loc.gov/MARC21/slim">

  <leader>01725nam2a22003131  4500</leader>
  <controlfield tag="001">v19\rc\1523772</controlfield>
  <controlfield tag="005">20260407064713.0</controlfield>
  <datafield tag="035" ind1=" " ind2=" ">
    <subfield code="a">(NLR Aleph) 005212010</subfield>
  </datafield>
  <datafield tag="090" ind1=" " ind2=" ">
    <subfield code="a">5418349</subfield>
    <subfield code="c">5418349</subfield>
  </datafield>
  <datafield tag="100" ind1=" " ind2=" ">
    <subfield code="a">20060620d1887    |||y0rusy50      ca</subfield>
  </datafield>
  <datafield tag="101" ind1="0" ind2=" ">
    <subfield code="a">rus</subfield>
  </datafield>
  <datafield tag="102" ind1=" " ind2=" ">
    <subfield code="a">RU</subfield>
  </datafield>
  <datafield tag="105" ind1=" " ind2=" ">
    <subfield code="a">a   z   |||||</subfield>
  </datafield>
  <datafield tag="200" ind1="1" ind2=" ">
    <subfield code="a">&#x41E;&#x442; &#x432;&#x43E;&#x43E;&#x440;&#x443;&#x436;&#x435;&#x43D;&#x438;&#x44F; &#x43A;&#x43E;&#x43D;&#x43D;&#x438;&#x446;&#x44B; &#x43E;&#x433;&#x43D;&#x435;&#x441;&#x442;&#x440;&#x435;&#x43B;&#x44C;&#x43D;&#x44B;&#x43C; &#x43E;&#x440;&#x443;&#x436;&#x438;&#x435;&#x43C; &#x434;&#x43E; &#x424;&#x440;&#x438;&#x434;&#x440;&#x438;&#x445;&#x430; &#x412;&#x435;&#x43B;&#x438;&#x43A;&#x43E;&#x433;&#x43E;</subfield>
    <subfield code="h">[&#x41E;&#x442;&#x434;. 1</subfield>
    <subfield code="i">&#x41E;&#x442; &#x432;&#x43E;&#x43E;&#x440;&#x443;&#x436;&#x435;&#x43D;&#x438;&#x44F; &#x43A;&#x43E;&#x43D;&#x43D;&#x438;&#x446;&#x44B; &#x43E;&#x433;&#x43D;&#x435;&#x441;&#x442;&#x440;&#x435;&#x43B;&#x44C;&#x43D;&#x44B;&#x43C; &#x43E;&#x440;&#x443;&#x436;&#x438;&#x435;&#x43C; &#x434;&#x43E; &#x413;&#x443;&#x441;&#x442;&#x430;&#x432;&#x430; &#x410;&#x434;&#x43E;&#x43B;&#x44C;&#x444;&#x430;]</subfield>
  </datafield>
  <datafield tag="210" ind1=" " ind2=" ">
    <subfield code="d">1887</subfield>
    <subfield code="a">&#x411;. &#x43C;.</subfield>
  </datafield>
  <datafield tag="215" ind1=" " ind2=" ">
    <subfield code="a">[4], 158 &#x441;., 30 &#x43B;. &#x438;&#x43B;.</subfield>
  </datafield>
  <datafield tag="461" ind1=" " ind2="0">
    <subfield code="1">001v19\rc\1523769</subfield>
    <subfield code="1">2001#$a&#x418;&#x441;&#x442;&#x43E;&#x440;&#x438;&#x44F; &#x43A;&#x43E;&#x43D;&#x43D;&#x438;&#x446;&#x44B;$f&#x421;&#x43E;&#x441;&#x442;. &#x43F;&#x43E;&#x43B;&#x43A;. &#x41C;&#x430;&#x440;&#x43A;&#x43E;&#x432;, &#x43A;&#x43E;&#x43C;&#x430;&#x43D;&#x434;&#x438;&#x440; 1 &#x41B;&#x435;&#x439;&#x431;-&#x434;&#x440;&#x430;&#x433;&#x443;&#x43D;&#x441;&#x43A;&#x43E;&#x433;&#x43E; &#x41C;&#x43E;&#x441;&#x43A;&#x43E;&#x432;&#x441;&#x43A;&#x43E;&#x433;&#x43E;... &#x43F;&#x43E;&#x43B;&#x43A;&#x430;. &#x427;. 1-5$v&#x427;. 3</subfield>
    <subfield code="9">2416616</subfield>
    <subfield code="a">&#x41C;&#x430;&#x440;&#x43A;&#x43E;&#x432;, &#x41C;.&#x418;. (1843-1899)</subfield>
    <subfield code="c">&#x422;&#x432;&#x435;&#x440;&#x44C;</subfield>
    <subfield code="d">1886-1896</subfield>
    <subfield code="f">&#x421;&#x43E;&#x441;&#x442;. &#x43F;&#x43E;&#x43B;&#x43A;. &#x41C;&#x430;&#x440;&#x43A;&#x43E;&#x432;, &#x43A;&#x43E;&#x43C;&#x430;&#x43D;&#x434;&#x438;&#x440; 1 &#x41B;&#x435;&#x439;&#x431;-&#x434;&#x440;&#x430;&#x433;&#x443;&#x43D;&#x441;&#x43A;&#x43E;&#x433;&#x43E; &#x41C;&#x43E;&#x441;&#x43A;&#x43E;&#x432;&#x441;&#x43A;&#x43E;&#x433;&#x43E;... &#x43F;&#x43E;&#x43B;&#x43A;&#x430;. &#x427;. 1-5</subfield>
    <subfield code="n">&#x442;&#x438;&#x43F;&#x43E;-&#x43B;&#x438;&#x442;. &#x424;.&#x421;. &#x41C;&#x443;&#x440;&#x430;&#x432;&#x44C;&#x435;&#x432;&#x430;</subfield>
    <subfield code="p">9 &#x442;.</subfield>
    <subfield code="t">&#x418;&#x441;&#x442;&#x43E;&#x440;&#x438;&#x44F; &#x43A;&#x43E;&#x43D;&#x43D;&#x438;&#x446;&#x44B;</subfield>
    <subfield code="v">&#x427;. 3</subfield>
  </datafield>
  <datafield tag="702" ind1=" " ind2="0">
    <subfield code="4">570</subfield>
    <subfield code="7">ca</subfield>
    <subfield code="8">rus</subfield>
    <subfield code="a">&#x413;&#x443;&#x441;&#x442;&#x430;&#x432;</subfield>
    <subfield code="c">&#x43A;&#x43E;&#x440;&#x43E;&#x43B;&#x44C; &#x448;&#x432;&#x435;&#x434;&#x441;&#x43A;&#x438;&#x439;</subfield>
    <subfield code="d">II &#x410;&#x434;&#x43E;&#x43B;&#x44C;&#x444;</subfield>
    <subfield code="f">1594-1632</subfield>
    <subfield code="9">234550</subfield>
    <subfield code="3">RU\NLR\AUTH\770234606</subfield>
  </datafield>
  <datafield tag="702" ind1=" " ind2="0">
    <subfield code="4">570</subfield>
    <subfield code="8">rus</subfield>
    <subfield code="7">ca</subfield>
    <subfield code="a">&#x424;&#x440;&#x438;&#x434;&#x440;&#x438;&#x445;</subfield>
    <subfield code="c">&#x43A;&#x43E;&#x440;&#x43E;&#x43B;&#x44C; &#x43F;&#x440;&#x443;&#x441;&#x441;&#x43A;&#x438;&#x439;</subfield>
    <subfield code="d">II &#x412;&#x435;&#x43B;&#x438;&#x43A;&#x438;&#x439;</subfield>
    <subfield code="f">1712-1786</subfield>
    <subfield code="3">RU\NLR\AUTH\7715139</subfield>
    <subfield code="9">124799</subfield>
  </datafield>
  <datafield tag="801" ind1=" " ind2="2">
    <subfield code="a">RU</subfield>
    <subfield code="b">NLR</subfield>
    <subfield code="c">20070627</subfield>
    <subfield code="2">rusmarc</subfield>
  </datafield>
  <datafield tag="801" ind1=" " ind2="0">
    <subfield code="a">RU</subfield>
    <subfield code="b">NLR</subfield>
    <subfield code="c">20060620</subfield>
    <subfield code="g">psbo</subfield>
  </datafield>
  <datafield tag="801" ind1=" " ind2="0">
    <subfield code="a">RU</subfield>
    <subfield code="b">RuMoRGB</subfield>
    <subfield code="c">20060620</subfield>
    <subfield code="2">psbo</subfield>
  </datafield>
  <datafield tag="801" ind1=" " ind2="1">
    <subfield code="a">RU</subfield>
    <subfield code="b">ProSoft-M</subfield>
    <subfield code="c">20060620</subfield>
    <subfield code="2">rusmarc</subfield>
  </datafield>
  <datafield tag="852" ind1=" " ind2=" ">
    <subfield code="a">NLR</subfield>
    <subfield code="j">134/530</subfield>
  </datafield>
  <datafield tag="852" ind1=" " ind2=" ">
    <subfield code="a">NLR</subfield>
    <subfield code="b">&#x41C;&#x444;</subfield>
    <subfield code="j">&#x41A;1/22060</subfield>
  </datafield>
  <datafield tag="852" ind1=" " ind2=" ">
    <subfield code="a">NLR</subfield>
    <subfield code="j">18.215.1.26</subfield>
  </datafield>
  <datafield tag="942" ind1=" " ind2=" ">
    <subfield code="c">BOOK</subfield>
  </datafield>
  <datafield tag="980" ind1=" " ind2=" ">
    <subfield code="a">NB</subfield>
  </datafield>
  <datafield tag="995" ind1=" " ind2=" ">
    <subfield code="5">2013-10-26</subfield>
    <subfield code="b">NLR02</subfield>
    <subfield code="c">NLR02</subfield>
    <subfield code="e">RFS</subfield>
    <subfield code="f">5212010-10</subfield>
    <subfield code="k">134/530</subfield>
    <subfield code="o">0</subfield>
    <subfield code="r">BOOK</subfield>
    <subfield code="s">134530_</subfield>
  </datafield>
  <datafield tag="995" ind1=" " ind2=" ">
    <subfield code="5">2013-10-26</subfield>
    <subfield code="b">NLR01</subfield>
    <subfield code="c">NLR01</subfield>
    <subfield code="e">FM</subfield>
    <subfield code="f">5212010-20</subfield>
    <subfield code="k">&#x41C;&#x444; &#x41A;1/22060</subfield>
    <subfield code="o">0</subfield>
    <subfield code="r">BOOK</subfield>
    <subfield code="s">_122060</subfield>
  </datafield>
  <datafield tag="995" ind1=" " ind2=" ">
    <subfield code="5">2013-10-26</subfield>
    <subfield code="b">NLR02</subfield>
    <subfield code="c">NLR02</subfield>
    <subfield code="e">RFS</subfield>
    <subfield code="f">5212010-30</subfield>
    <subfield code="k">18.215.1.26</subfield>
    <subfield code="o">0</subfield>
    <subfield code="r">BOOK</subfield>
    <subfield code="s">18215126_</subfield>
  </datafield>
</record>
